00313nam a2200121Ia 4500008004100000041000800041082001200049100001600061245004500077260002700122300003000149365001200179240624s9999 xx 000 0 und d aeng a370 GOR aGORTER DURK aMINORITY LANGUAGES AND MULTILINGUAL EDUC c2014aLondonbSpringer axi, : 220 : p. : cm. ; 24 cERUb28